Fundamentos de organización de empresas / (Record no. 148037)

MARC details
000 -LEADER
campo de control de longitud fija 00726nam a2200205 i 4500
001 - NÚMERO DE CONTROL
campo de control 148037
003 - IDENTIFICADOR DE NÚMERO DE CONTROL
campo de control ES-MaACL
005 - FECHA Y HORA DE LA ÚLTIMA TRANSACCIÓN
campo de control 20250902081815.0
007 - CAMPO FIJO DE DESCRIPCIÓN FÍSICA--INFORMACIÓN GENERAL
campo de control de longitud fija t|
008 - DATOS DE LONGITUD FIJA--INFORMACIÓN GENERAL
campo de control de longitud fija 070214s1952 sp |||| | spa d
100 1# - ENTRADA PRINCIPAL--NOMBRE DE PERSONA
Nombre de persona Spriegel, William R.
9 (RLIN) 107800
245 10 - MENCIÓN DEL TÍTULO
Título Fundamentos de organización de empresas /
Mención de responsabilidad, etc. William R. Spriegel ; en colaboración con Ernest Coulter Davies ; versión de la segunda edición americana y notas de Jorge Serra Murtra.
260 ## - PUBLICACIÓN, DISTRIBUCIÓN, ETC.
Lugar de publicación, distribución, etc. Barcelona :
Nombre del editor, distribuidor, etc. Labor,
Fecha de publicación, distribución, etc. 1952.
300 ## - DESCRIPCIÓN FÍSICA
Extensión XV, 588 p. :
Otras características físicas il. ;
Dimensiones 24 cm.
650 #7 - PUNTO DE ACCESO ADICIONAL DE MATERIA--TÉRMINO DE MATERIA
Término de materia o nombre geográfico como elemento de entrada Negocios
Fuente del encabezamiento o término embne
9 (RLIN) 15511
700 1# - ENTRADA AGREGADA--NOMBRE PERSONAL
Nombre de persona Coulter Davies, Ernest.
9 (RLIN) 41245
700 1# - ENTRADA AGREGADA--NOMBRE PERSONAL
Nombre de persona Serra Murtra, Jorge.
9 (RLIN) 105646
852 ## - LOCALIZACIÓN
Ubicación ES-MaACL
Número de control de estantería D-8010
Holdings
Estatus retirado Estado de pérdida Estado de daño No para préstamo Biblioteca de origen Biblioteca actual Ubicación en estantería Fecha de adquisición Fuente de adquisición Total de préstamos Signatura topográfica completa Código de barras Visto por última vez Precio de reemplazo Tipo de ítem Koha
        Biblioteca del Ateneo de Madrid Biblioteca del Ateneo de Madrid Sala Valle Inclán 17/01/2008     D-8010 901154492 23/02/2023 23/02/2023 Libro impreso